<?xml version="1.0" encoding="UTF-8"?><?xml-stylesheet type="text/xsl" href="static/style.xsl"?><OAI-PMH xmlns="http://www.openarchives.org/OAI/2.0/" xmlns:xsi="http://www.w3.org/2001/XMLSchema-instance" xsi:schemaLocation="http://www.openarchives.org/OAI/2.0/ http://www.openarchives.org/OAI/2.0/OAI-PMH.xsd"><responseDate>2026-04-19T08:09:49Z</responseDate><request verb="GetRecord" identifier="oai:riubu.ubu.es:10259/10064" metadataPrefix="marc">https://riubu.ubu.es/oai/request</request><GetRecord><record><header><identifier>oai:riubu.ubu.es:10259/10064</identifier><datestamp>2025-01-30T01:05:45Z</datestamp><setSpec>com_10259_7877</setSpec><setSpec>com_10259_5086</setSpec><setSpec>com_10259_2604</setSpec><setSpec>col_10259_8289</setSpec></header><metadata><record xmlns="http://www.loc.gov/MARC21/slim" xmlns:doc="http://www.lyncode.com/xoai" xmlns:xsi="http://www.w3.org/2001/XMLSchema-instance" xmlns:dcterms="http://purl.org/dc/terms/" xsi:schemaLocation="http://www.loc.gov/MARC21/slim http://www.loc.gov/standards/marcxml/schema/MARC21slim.xsd">
<leader>00925njm 22002777a 4500</leader>
<datafield tag="042" ind1=" " ind2=" ">
<subfield code="a">dc</subfield>
</datafield>
<datafield tag="720" ind1=" " ind2=" ">
<subfield code="a">Díez Ojeda, María</subfield>
<subfield code="e">author</subfield>
</datafield>
<datafield tag="720" ind1=" " ind2=" ">
<subfield code="a">Queiruga Dios, Marián</subfield>
<subfield code="e">author</subfield>
</datafield>
<datafield tag="720" ind1=" " ind2=" ">
<subfield code="a">Queiruga Dios, Miguel Ángel</subfield>
<subfield code="e">author</subfield>
</datafield>
<datafield tag="260" ind1=" " ind2=" ">
<subfield code="c">2024-12</subfield>
</datafield>
<datafield tag="520" ind1=" " ind2=" ">
<subfield code="a">This research analyzes the effect of the implementation ofcitizen science activities in the Environmental Education(EE) subject program of the Degree in Primary Educationapplying Experiential Learning Theory. EnvironmentalAttitudes Inventory (EAI) was used to measure the changein environmental attitudes (EA) of 173 preservice teachersthrough a pre-test–post-test experimental design withouta control group. Participation in the training program sig-nificantly improved EA in the 12 dimensions defined in theEAI. Of the dimensions included in the second order factorPreservation, Enjoyment of nature reached the largest effectsize and Environmental movement activism is the one thatobtains the smallest effect size. With regard to Utilization,all dimensions presented a large effect size. No significantdifferences were found in EA based on the gender variable.It can be concluded that the incorporation of citizen sci-ence activities in the EE program significantly improves EA.</subfield>
</datafield>
<datafield tag="024" ind2=" " ind1="8">
<subfield code="a">0141-8211</subfield>
</datafield>
<datafield tag="024" ind2=" " ind1="8">
<subfield code="a">http://hdl.handle.net/10259/10064</subfield>
</datafield>
<datafield tag="024" ind2=" " ind1="8">
<subfield code="a">10.1111/EJED.12746</subfield>
</datafield>
<datafield tag="024" ind2=" " ind1="8">
<subfield code="a">1465-3435</subfield>
</datafield>
<datafield ind1=" " ind2=" " tag="653">
<subfield code="a">Citizen science</subfield>
</datafield>
<datafield ind1=" " ind2=" " tag="653">
<subfield code="a">Environmental education</subfield>
</datafield>
<datafield ind1=" " ind2=" " tag="653">
<subfield code="a">Inventory of envirnomental attitudes</subfield>
</datafield>
<datafield ind1=" " ind2=" " tag="653">
<subfield code="a">Preservice teachers</subfield>
</datafield>
<datafield tag="245" ind1="0" ind2="0">
<subfield code="a">Changing Spanish preservice teachers' environmental attitudes with a citizen science program integrated in Environmental Education subject</subfield>
</datafield>
</record></metadata></record></GetRecord></OAI-PMH>